A montanha encantada (Record no. 184268)

MARC details
000 -LÍDER
campo de controle de tamanho fixo 00347 a2200157 4500
001 - NÚMERO DE CONTROLE
campo de controle 184268
020 ## - ISBN - INTERNATIONAL STANDARD BOOK NUMBER
ISBN - International Standard Book Number 85-08-02804-0
040 ## - FONTE DA CATALOGAÇÃO
Instituição que transcreveu o registro Magnum
100 ## - ENTRADA PRINCIPAL--NOME PESSOAL
Nome pessoal Dupré, Maria José
240 10 - TÍTULO UNIFORME
Título uniforme A montanha encantada
Idioma da obra por
245 10 - TÍTULO
Título A montanha encantada
300 ## - DESCRIÇÃO FÍSICA
Extensão 111
362 0# - DATAS DE PUBLICAÇÃO E/OU DESIGNAÇÃO SEQUENCIAL
Datas de publicação e/ou designação sequencial 1989
697 ## - ENTRADA DE ASSUNTO LOCAL--ENTIDADE COLETIVA (RLIN)
Nome corporativo ou nome da jurisdição LITERATURA INFANTO-JUVENIL
942 ## - ELEMENTOS DE ENTRADA ADICIONADOS (KOHA)
Tipo de material Koha Livros
Holdings
Situação do descarte Situação das perdas Situação física Não pode ser emprestado Biblioteca de origem Biblioteca atual Data de aquisição Total de empréstimos Número de chamada completo Código de barras Data de último acesso Data do preço efetivo Tipo de material Koha
        Magnum Magnum 08/06/2024   869.2.133 MAG00042699 08/06/2024 08/06/2024 Livros
        Magnum Magnum 08/06/2024   869.2.133 MAG00042700 08/06/2024 08/06/2024 Livros
        Magnum Magnum 08/06/2024   869.2.133 MAG00042701 08/06/2024 08/06/2024 Livros
        Magnum Magnum 08/06/2024   869.2.133 MAG00042702 08/06/2024 08/06/2024 Livros
        Magnum Magnum 08/06/2024   869.2.133 MAG00042703 08/06/2024 08/06/2024 Livros
        Magnum Magnum 08/06/2024   869.2.133 MAG00042704 08/06/2024 08/06/2024 Livros
        Magnum Magnum 08/06/2024   869.2.133 MAG00042705 08/06/2024 08/06/2024 Livros